| 000 | 00787nam a22002177a 4500 | ||
|---|---|---|---|
| 005 | 20230131032200.0 | ||
| 008 | 230131b |||||||| |||| 00| 0 eng d | ||
| 020 | _a978-1-6289-2972-0 | ||
| 082 | _a646.408 L718 2016 | ||
| 100 |
_aLiechty, Elizabeth _eauthor |
||
| 245 |
_aFitting a pattern alteration: _ba multi-method approach to the art of style selection, fitting, and alteration / _cElizabeth Liechty, Judith Racband, Della Potterberg-Steineckert |
||
| 250 | _a3rd ed. | ||
| 260 |
_aNew York: _bBloomsberry Publishing, _cc2016. |
||
| 300 |
_axi, 484p.; _bill. |
||
| 504 | _aIncludes index | ||
| 541 | _e5863 | ||
| 650 | _aDressmaking - Patterns | ||
| 650 | _aClothing and dress - Alterations | ||
| 700 |
_aRacband, Judith _eauthor |
||
| 700 |
_aSteineckert, Della P. _eauthor |
||
| 999 |
_c766 _d766 |
||